Visualizzazione normale
Vista MARC
- Spiritualità. Vita spirituale. Ostacoli. Virtù. Mezzi
di Genre/Form Term
Records bibliografici associati: 2
001 - CONTROL NUMBER
- control field: 57015
003 - CONTROL NUMBER IDENTIFIER
- control field:
005 - DATE AND TIME OF LATEST TRANSACTION
- control field: 20180505171451.0
008 - FIXED-LENGTH DATA ELEMENTS
- fixed length control field: 180505|| aca||aabn | a|a d
040 ## - CATALOGING SOURCE
- Original cataloging agency:
- Transcribing agency:
155 ## - HEADING--GENRE/FORM TERM
- Genre/form term: Spiritualità. Vita spirituale. Ostacoli. Virtù. Mezzi
- General subdivision: Esercizi spirituali non ignaziani - Ritiri (italiano)
670 ## - SOURCE DATA FOUND
- Source citation: Work cat.: ()0: Ronchi, Ermes Maria, o.s.m. 57014, Le nude domande del Vangelo : , ©2016.